[Event "ZMDI-Open 2013"]
[Site "Dresden"]
[Date "2013.08.12"]
[Round "3"]
[White "Scharff, J."]
[Black "Gerling, L."]
[Result "0-1"]
[WhiteElo "1693"]
[BlackElo "1783"]
[PlyCount "98"]
[EventDate "2013.??.??"]

1. d4 Nf6 2. c4 g6 3. Nf3 Bg7 4. e3 O-O 5. Nc3 d6 6. Qc2 c5 7. Be2 Nfd7 8. O-O
Nc6 9. d5 Nce5 10. b3 Nxf3+ 11. Bxf3 Ne5 12. Be2 a6 13. a4 Rb8 14. Bb2 Ng4 15.
Ne4 Ne5 16. f4 Ng4 17. Bxg4 Bxg4 18. Ng3 Bd7 19. Bxg7 Kxg7 20. Rf2 b5 21. h4
bxc4 22. Qxc4 Qa5 23. Rc2 Qb4 24. Qxb4 Rxb4 25. Rc3 Rfb8 26. Ra3 Kf6 27. Ne2 e5
28. g3 h6 29. Nc1 exf4 30. exf4 Bg4 31. Kf2 Rd4 32. Rd3 Rbb4 33. a5 Rxd3 34.
Nxd3 Rd4 35. Ke3 Bf5 36. b4 Rxd5 37. b5 axb5 38. a6 Bc8 39. a7 Bb7 40. a8=Q
Bxa8 41. Rxa8 h5 42. Ke4 Rd4+ 43. Ke3 Kf5 44. Rd8 Kg4 45. Nc1 Rd1 46. Ne2 b4
47. Rf8 b3 48. Nc3 Rg1 49. Ne2 b2 0-1

[Event "ZMDI-Open 2013"]
[Site "Dresden"]
[Date "2013.08.12"]
[Round "3"]
[White "Klein, A."]
[Black "Schüring, L."]
[Result "1-0"]
[WhiteElo "1735"]
[BlackElo "1256"]
[PlyCount "107"]
[EventDate "2013.??.??"]

1. c4 e5 2. Nc3 Nf6 3. Nf3 Nc6 4. g3 Bc5 5. e3 d6 6. Bg2 Bg4 7. d3 O-O 8. O-O
Qd7 9. Re1 Rad8 10. a3 a5 11. Qc2 Bf5 12. Nd5 Nxd5 13. cxd5 Ne7 14. Bd2 Bb6 15.
Rac1 c6 16. Qb3 Qc7 17. e4 Bg4 18. Bg5 Bc5 19. Qc4 h6 20. Bd2 Bxf3 21. Bxf3
cxd5 22. exd5 Qb6 23. Rf1 Rc8 24. Qa2 Bd4 25. Rxc8 Rxc8 26. b4 a4 27. Bd1 Qb5
28. Kg2 Nxd5 29. Bxa4 Qxa4 30. Qxd5 Qc6 31. Qxc6 Rxc6 32. Rc1 Ra6 33. Rc8+ Kh7
34. Bc1 f6 35. Rc7 Rb6 36. Bd2 Ra6 37. Bc1 Rb6 38. Rc4 Kg6 39. Kf3 d5 40. Rc7
Rb5 41. Bd2 Bb2 42. a4 Rb6 43. b5 Ba3 44. Ba5 e4+ 45. dxe4 dxe4+ 46. Ke3 Re6
47. Rxb7 Bc5+ 48. Ke2 e3 49. f3 Rd6 50. Bc3 Rd8 51. a5 Ra8 52. a6 Kh7 53. Bxf6
Kg6 54. Bxg7 1-0